| 000 | 00855cab a2200289 4500 | ||
|---|---|---|---|
| 001 | WB3143-21 | ||
| 008 | 090401t1995 xxu||||| |||| 00| 0 eng d | ||
| 035 | _a(Sirsi) u28678 | ||
| 041 | _aeng | ||
| 245 | _aQuality of life assessment | ||
| 260 | _c1995 | ||
| 350 | _a0 | ||
| 490 |
_aIndependent _v15 November 1995, 10(1) |
||
| 520 | _aThe DTp`s newly collated research on tranquillity is expected to lead the way to other quality of life measurements. | ||
| 650 | _aENVIRONMENTAL VALUATION | ||
| 650 | _aGOVERNMENT | ||
| 650 | _aHOUSE PRICES | ||
| 650 | _aINDEX OF SUSTAINABLE ECONOMIC WELFARE | ||
| 650 | _aNEW ECONOMIC FOUNDATION | ||
| 650 | _aQUALITY OF LIFE | ||
| 650 | _aSTATISTICS | ||
| 650 | _aSUSTAINABLE DEVELOPMENT | ||
| 650 | _aTRANQUILLITY FACTOR | ||
| 690 | _aECONOMIC AND SOCIAL | ||
| 942 | _n0 | ||
| 948 | _c04/03/1997 | ||
| 999 |
_c19283 _d19283 |
||